3D printing with Autodesk 123D : (Record no. 20020)
[ view plain ]
| 000 -LEADER | |
|---|---|
| fixed length control field | 01108cam a22003135a 4500 |
| 001 - CONTROL NUMBER | |
| control field | 18117935 |
| 005 - DATE AND TIME OF LATEST TRANSACTION | |
| control field | 20151104112525.0 |
| 008 - FIXED-LENGTH DATA ELEMENTS--GENERAL INFORMATION | |
| fixed length control field | 140416t2014 inua fr 001 0 eng d |
| 020 ## - INTERNATIONAL STANDARD BOOK NUMBER | |
| International Standard Book Number | 9780789753281 (pbk.) |
| 020 ## - INTERNATIONAL STANDARD BOOK NUMBER | |
| International Standard Book Number | 0789753286 (pbk.) |
| 040 ## - CATALOGING SOURCE | |
| Original cataloging agency | ZAC |
| Language of cataloging | eng |
| Transcribing agency | ZAC |
| Modifying agency | YDXCP |
| -- | SINLB |
| -- | BTCTA |
| -- | BDX |
| -- | UKMGB |
| -- | B@L |
| -- | OCLCO |
| -- | OCLCF |
| -- | DLC |
| -- | EG-ScBUE |
| 082 04 - DEWEY DECIMAL CLASSIFICATION NUMBER | |
| Edition number | 22 |
| Item number | BIE |
| Classification number | 621.988 |
| 100 1# - MAIN ENTRY--PERSONAL NAME | |
| Personal name | Biehler, John. |
| 9 (RLIN) | 38672 |
| 245 10 - TITLE STATEMENT | |
| Title | 3D printing with Autodesk 123D : |
| Remainder of title | create and print 3D objects with 123D, Autocad, and Inventor / |
| Statement of responsibility, etc | John Biehler, Bill Fane. |
| 246 3# - VARYING FORM OF TITLE | |
| Title proper/short title | 3 D printing with Autodesk 123D |
| 246 3# - VARYING FORM OF TITLE | |
| Title proper/short title | Three-dimensional printing with Authodesk 123D |
| 260 ## - PUBLICATION, DISTRIBUTION, ETC. (IMPRINT) | |
| Place of publication, distribution, etc | Indiana : |
| Name of publisher, distributor, etc | QUE Press, |
| Date of publication, distribution, etc | c.2014. |
| 300 ## - PHYSICAL DESCRIPTION | |
| Extent | xi, 264 p. : |
| Other physical details | ill. (col.) ; |
| Dimensions | 24 cm. |
| 500 ## - GENERAL NOTE | |
| General note | Index : p. 257-264. |
| 610 20 - SUBJECT ADDED ENTRY--CORPORATE NAME | |
| Corporate name or jurisdiction name as entry element | Autodesk, Inc. |
| 630 07 - SUBJECT ADDED ENTRY--UNIFORM TITLE | |
| Uniform title | AutoCAD. |
| 9 (RLIN) | 37593 |
| 650 #0 - SUBJECT ADDED ENTRY--TOPICAL TERM | |
| Topical term or geographic name as entry element | Three-dimensional printing. |
| Source of heading or term | BUEsh |
| 650 #0 - SUBJECT ADDED ENTRY--TOPICAL TERM | |
| Topical term or geographic name as entry element | Computer printers. |
| Source of heading or term | BUEsh |
| 650 #7 - SUBJECT ADDED ENTRY--TOPICAL TERM | |
| Topical term or geographic name as entry element | Computer-aided design. |
| Source of heading or term | BUEsh |
| 9 (RLIN) | 3588 |
| 651 ## - SUBJECT ADDED ENTRY--GEOGRAPHIC NAME | |
| Source of heading or term | BUEsh |
| 653 ## - INDEX TERM--UNCONTROLLED | |
| Resource For college | Communication and mass media |
| Arrived date list | June2015 |
| -- | November2015 |
| 700 1# - ADDED ENTRY--PERSONAL NAME | |
| Personal name | Fane, Bill, |
| 942 ## - ADDED ENTRY ELEMENTS (KOHA) | |
| Source of classification or shelving scheme | Dewey Decimal Classification |
| Withdrawn status | Lost status | Source of classification or shelving scheme | Damaged status | Not for loan | Koha collection | Home library | Current library | Shelving location | Date acquired | Source of acquisition | Cost, normal purchase price | Serial Enumeration / chronology | Total Checkouts | Full call number | Barcode | Date last seen | Cost, replacement price | Koha item type |
|---|---|---|---|---|---|---|---|---|---|---|---|---|---|---|---|---|---|---|
| Dewey Decimal Classification | Alahram | Central Library | Central Library | First floor | 28/06/2015 | Purchase | 187.00 | 308 | 621.988 BIE | 000039056 | 15/07/2025 | 233.75 | Book - Borrowing |